000 00649nam a2200181 4500
001 112888
003 ES-MaACL
005 20230906185705.0
007 t|
008 061121m19641983sp r ||||1| spa d
245 0 0 _aNueva historia de la Iglesia /
_cdirigida por los profesores Dr. L. J. Rogier [et al.] ; traducción del francés por Mariano Herranz Marco y Alfonso de la Fuente Adánez.
260 _aMadrid :
_bCristiandad,
_c1964-83.
300 _a5 v. ;
_c24 cm.
700 1 _aHerranz Marco, Mariano.
_963170
700 0 _aFuente Adánez, Alfonso de la.
_952860
700 1 _aRogier, L. J.
_998956
852 _aES-MaACL
_jL-8322-26
_bR.55051
999 _c112888
_d112888